| 000 | 00973nam a22003137a 4500 | ||
|---|---|---|---|
| 001 | 0012016 | ||
| 003 | KOHA_MİRAKIL | ||
| 005 | 20260207001837.0 | ||
| 007 | ta | ||
| 008 | 090729b2010 cn |||gr||||#||||0|Eng | | ||
| 020 | _a9780324581638 | ||
| 020 |
_a0324581637 _c59,85 |
||
| 040 |
_aTR-BiSEU _btur _cTR-BiSEU _erda |
||
| 041 | 0 | _aEng | |
| 044 | _ccn | ||
| 050 |
_aHF5415.13 _b.H87 2010 |
||
| 100 | 1 | _aHutt, Michael D.. | |
| 245 | 1 |
_aBusiness marketing management : _bB2B/ _cMichael D. Hutt ; Michael D. Hutt, Thomas W. Speh. |
|
| 250 | _a10th ed. | ||
| 264 | 1 |
_aCanada : _bSouth-Western, Cengage Learning, c2010 _c2010 |
|
| 300 | _axxxiii, 652 sayfa: resimli; 26 cm. | ||
| 336 |
_ametin _btxt _2rdacontent |
||
| 337 |
_aaracısız _bn _2rdamedia |
||
| 338 |
_acilt _bnc _2rdacarrier |
||
| 490 | 0 | _aInternational edition | |
| 650 | 0 |
_aIndustrial marketing--Management--Case studies. _929161 |
|
| 830 | 0 |
_aInternational edition _929162 |
|
| 942 |
_2lcc _cBK |
||
| 999 |
_c11985 _d11985 |
||